Normal view
MARC view
- بسناسي، سعاد
Entry Personal Name
001 - CONTROL NUMBER
- control field: 43313
003 - CONTROL NUMBER IDENTIFIER
- control field: JO-AjAnu
005 - DATE AND TIME OF LATEST TRANSACTION
- control field: 20230606081159.0
008 - FIXED-LENGTH DATA ELEMENTS
- fixed length control field: 230606|| aca||aabn | a|a d
040 ## - CATALOGING SOURCE
- Original cataloging agency: JO-AjAnu
- Transcribing agency: JO-AjAnu
100 ## - HEADING--PERSONAL NAME
- Personal name: بسناسي، سعاد
670 ## - SOURCE DATA FOUND
- Source citation: Work cat.: (JO-AjAnu)22180: بسناسي، سعاد, author, السمعيات العربية في الاصوات اللغوية